000
00197 a2200097 4500
001
13021
100
_a
Ishafaq Ahmad
245
_a
Nangay Paoon
260
_a
_b
Sange-e-Meel
_c
090
_c
10029
_d
10029
942
_a
NUST-CAE
_c
M
_c
36
999
_c
248094
_d
248094